Quiz o stolicach państw (trudny) - Statystyki

Ogólne statystyki
  • Ten quiz został rozwiązany 74 razy
    56 od ostatniego zresetowania
  • Średni wynik to 8 z 10
Statystyki odpowiedzi
Zagadnienie Odpowiedź % Poprawnych
Stolica Republiki Południowej Afryki to: Pretoria, Kapsztad, Bloemfontein
100%
Stolica Libii to: Trypolis
100%
Stolica Erytrei to: Asmara
75%
Stolica Brunei to: Bandar Seri Begawan
75%
Stolica Jamajki to: Kingston
75%
Stolica Mauretanii to: Nawakszut
75%
Stolica Surinamu to: Paramaribo
75%
Stolica Maroka to: Rabat
75%
Stolica Vanuatu to: Port Villa
50%
Stolica Kosowa to: Prisztina
50%
Nie znaleziono quizów pasujących do podanych kryteriów
Rozkład punktacji
Procent ludzi z każdym wynikiem
Percentyl według liczby udzielonych odpowiedzi
Twoja historia wyników
Nie rozwiązałeś tego quizu od ostatniego zresetowania